1791 1396 1044 1787 1351 1699 1789 1364 1374 1131 1239 1555 1492 1807 1698 1285 1102 1507 1364 1172 1746 1630 1181 1313 1739 1522 1229 1239 1465 1995 1167 1651 1962 1416 1451 1041 1461 1730 1666 1196 1488 1383 1795 1437 1668 1421 1711 1104 1229 1998 1109 1876 1711 1211 1649 1782 1126 1854 1787 1180 1723 1289 1675 1106 1915 1583 1143 1593 1064 1231 1213 1851 1176 1261 1997 1418 1044 1153 1101 1622 1363 1038 1665 1361 1436 1443 1605 1990 1999 1745 1693 1714 1870 1456 1126 1986 1283 1996 1656 BCNSPRNW ULIB Ver.6.0+V

เปลี่ยนเป็นภาษาไทย

Change to English
 แสดงรายละเอียดบรรณานุกรม
  กลับหน้าหลัก

Brief Record : Get Marc (ISO 2709) : E-mail record : QR code < ปิดหน้าต่าง
LEADER : 00000nam 2200000uu 4500
001    13399121375
003     ULIB
008    121116s2550||||th 000 0 tha d
020    ^a9789747035841
050  4 ^aK7885^bช587ก
100 0  ^aชีวธันย์ ญาณากรสกุล
245 00 ^aก๊อบปี้ ตัดต่อ แปลงไฟล์ CD/DVD /^cชีวธันย์ ญาณากรสกุล
260    ^aกรุงเทพฯ :^bอี เอ็กซ์พี มีเดียว,^c2550
300    ^a271 หน้า :^bภาพประกอบ
650  7 ^aCD^xการตัดต่อ
650  7 ^aDVD^xการตัดต่อ
945    ^p139^l0^i15081
995    ^aวิภา
999 ^a ทศพร
รายการนี้ยังไม่มีแท็ก
คุณยังไม่ได้ล็อกอิน คุณสามารถมีกิจกรรมร่วมกับเว็บไซต์ได้ แต่ต้องล็อกอินก่อน ::
  ล็อกอิน

รายการสื่อสารสนเทศ

ลำดับที่ ประเภท เลขเรียก/บาร์โค้ด สถานที่ สถานะ
1. การศึกษาทั่วไป
การศึกษาทั่วไป
K7885 ช587ก  
  Barcode: 15081
ห้องสมุดวิทยาเขตสวรรค์ประชารักษ์
►หนังสือทั่วไป
บนชั้น

รายการใกล้เคียง
    ผู้แต่ง [ชีวธันย์ ญาณากรสกุล]

BibComment


ยังไม่เคยถูกคอมเมนท์

คอมเมนท์ทรัพยากรรายการนี้
  คอมเมนท์: ก๊อบปี้ ตัดต่อ แ..


 Copyright 2026. Bcnsprnw @Library